[Event "Power Solutions Arctic Chess NGP 2026"]
[Site "UiT Campus Alta"]
[Date "2026.02.22"]
[Round "7"]
[White "Solskjær, Frode"]
[Black "Wilhelmsen, Vegard"]
[Result "0-1"]
[WhiteElo "1926"]
[BlackElo "1770"]
[PlyCount "117"]
[EventDate "2026.??.??"]

1. d4 e6 2. Nf3 f5 3. g3 Nf6 4. Bg2 Be7 5. O-O O-O 6. c4 d6 7. b3 Ne4 8. Bb2 c6
9. Ne1 Bd7 10. Qc2 d5 11. Nd3 Be8 12. f3 Ng5 13. Nd2 Nd7 14. Rac1 Bg6 15. Nf4
Bd6 16. Nxg6 hxg6 17. e4 Rc8 18. Qd3 Bb4 19. Bc3 Bxc3 20. Rxc3 Nf6 21. e5 Ne8
22. Rfc1 Nc7 23. Nf1 Qd7 24. Qd2 Nf7 25. f4 Rfd8 26. Rd3 Qe7 27. Qa5 Na6 28. c5
Ra8 29. Nd2 Rdb8 30. b4 Qd8 31. Qa4 Nc7 32. Qb3 a6 33. a4 Qe7 34. Nb1 Rd8 35.
Na3 Ra7 36. b5 axb5 37. axb5 Rda8 38. Qb2 Ra5 39. Rb3 Nd8 40. Bf1 Qd7 41. Rb1
Kh7 42. bxc6 bxc6 43. Nc2 R8a7 44. Ra3 Nb5 45. Rxa5 Rxa5 46. Nb4 Qa7 47. Nxc6
Nxc6 48. Bxb5 Ra2 49. Qc3 Ra3 50. Qd2 Ne7 51. Rb2 Qb7 52. Qb4 Ra1+ 53. Kg2 Qa8
54. c6 Nxc6 55. Qc5 Ra2 56. Qc3 Rxb2+ 57. Qxb2 Qb8 58. Qb1 Nxd4 59. Qd3 0-1

[Event "Power Solutions Arctic Chess NGP 2026"]
[Site "UiT Campus Alta"]
[Date "2026.02.22"]
[Round "7"]
[White "Gressli, Kristoffer"]
[Black "Wilhelmsen, Jim L."]
[Result "1/2-1/2"]
[WhiteElo "1894"]
[BlackElo "1763"]
[PlyCount "105"]
[EventDate "2026.??.??"]

1. f4 e6 2. Nf3 d5 3. e3 c5 4. Be2 Nf6 5. d3 b6 6. O-O Bb7 7. Qe1 Be7 8. Ne5
Nbd7 9. Nd2 Qc7 10. Ndf3 h6 11. Qg3 O-O 12. Bd2 Bd6 13. Rac1 b5 14. a3 a5 15.
Nxd7 Qxd7 16. c4 dxc4 17. Bc3 Qe7 18. e4 Bc7 19. e5 Nd5 20. Bd2 f5 21. dxc4
bxc4 22. Bxc4 Ba6 23. Nh4 Rfd8 24. Rfd1 Bxc4 25. Rxc4 Bb6 26. Be1 Qf7 27. Bf2
Rac8 28. Qb3 Qc7 29. g3 Qc6 30. Ng6 Kf7 31. Nh4 Kg8 32. Ng2 Ne7 33. Rdc1 Rb8
34. Qc2 Nd5 35. Bxc5 Bxc5+ 36. Rxc5 Qb6 37. Kh1 Qxb2 38. Nh4 Qb7 39. Kg1 Qb3
40. Qxb3 Rxb3 41. Rc8 Rxc8 42. Rxc8+ Kf7 43. Ra8 Rxa3 44. Ra7+ Ne7 45. Ng6 Kxg6
46. Rxe7 a4 47. Rxe6+ Kf7 48. Ra6 Ra1+ 49. Kg2 Ra2+ 50. Kf3 Ra3+ 51. Kg2 Ra2+
52. Kf3 Ra3+ 53. Kg2 1/2-1/2

[Event "Power Solutions Arctic Chess NGP 2026"]
[Site "UiT Campus Alta"]
[Date "2026.02.22"]
[Round "7"]
[White "Hjerpbakk, Terje"]
[Black "Aanes, Kjell"]
[Result "1-0"]
[WhiteElo "1684"]
[BlackElo "1872"]
[PlyCount "81"]
[EventDate "2026.??.??"]

1. d4 g6 2. c4 Bg7 3. Nc3 d6 4. e4 Nf6 5. Nf3 Bg4 6. Be2 Nbd7 7. O-O O-O 8. Be3
c6 9. Qc2 Qc7 10. Rac1 e5 11. d5 Ne8 12. b4 Bxf3 13. Bxf3 f5 14. c5 f4 15. cxd6
Qxd6 16. Bd2 Rc8 17. Qb3 Kh8 18. dxc6 bxc6 19. Rfd1 Qe7 20. Bg4 Nef6 21. Be6
Rb8 22. Bxd7 Nxd7 23. Na4 Rfc8 24. Qc3 g5 25. Nc5 Nf6 26. Be1 g4 27. Rd3 Rd8
28. Rcd1 Rxd3 29. Rxd3 a5 30. a3 axb4 31. axb4 h5 32. f3 gxf3 33. Rxf3 Nd5 34.
Qc4 Nf6 35. Rh3 Rd8 36. Nd3 Qe8 37. Nf2 Rd4 38. Qe2 Qg6 39. Bc3 c5 40. bxc5 Ra4
41. c6 1-0

[Event "Power Solutions Arctic Chess NGP 2026"]
[Site "UiT Campus Alta"]
[Date "2026.02.22"]
[Round "7"]
[White "Harila, Rune"]
[Black "Johnsen, Kjell M."]
[Result "1/2-1/2"]
[WhiteElo "1811"]
[BlackElo "1930"]
[PlyCount "33"]
[EventDate "2026.??.??"]

1. e4 e6 2. d4 d5 3. exd5 exd5 4. Bd3 Bd6 5. Nf3 Bg4 6. O-O Ne7 7. Re1 Nbc6 8.
c3 Qd7 9. a4 O-O 10. Bg5 f6 11. Bh4 Bf5 12. Bg3 Bxd3 13. Qxd3 Nf5 14. Bxd6 Nxd6
15. Nbd2 Rfe8 16. Rxe8+ Rxe8 17. Re1 1/2-1/2

[Event "Power Solutions Arctic Chess NGP 2026"]
[Site "UiT Campus Alta"]
[Date "2026.02.22"]
[Round "7"]
[White "Sjogren, Oddbjorn"]
[Black "Mikalsen, Bengt A."]
[Result "0-1"]
[WhiteElo "1810"]
[BlackElo "1812"]
[PlyCount "36"]
[EventDate "2026.??.??"]

1. d4 d5 2. Nc3 Nf6 3. Bf4 c6 4. e3 Bf5 5. f3 h5 6. Bd3 e6 7. Bxf5 exf5 8. Qd3
g6 9. O-O-O Nbd7 10. Re1 Qa5 11. e4 fxe4 12. fxe4 O-O-O 13. exd5 Nxd5 14. Bd2
Nxc3 15. Bxc3 Qxa2 16. b3 Bh6+ 17. Kd1 Rhe8 18. Re4 f5 0-1

[Event "Power Solutions Arctic Chess NGP 2026"]
[Site "UiT Campus Alta"]
[Date "2026.02.22"]
[Round "7"]
[White "Myren, Matias"]
[Black "Noer, Andreas"]
[Result "1-0"]
[WhiteElo "1770"]
[BlackElo "1739"]
[PlyCount "116"]
[EventDate "2026.??.??"]

1. d4 d5 2. Nf3 c5 3. e3 Nf6 4. b3 g6 5. Bb2 cxd4 6. exd4 Bg7 7. Be2 O-O 8. O-O
Nc6 9. Nbd2 Bg4 10. h3 Bxf3 11. Nxf3 e6 12. Re1 Ne4 13. Bd3 Nd6 14. Qd2 b5 15.
c3 Qb6 16. Rad1 Rab8 17. Ne5 Nxe5 18. dxe5 Nf5 19. Bxf5 gxf5 20. Ba3 Rfe8 21.
Bd6 Rbc8 22. Re3 Kh8 23. Rg3 Rg8 24. Qf4 h6 25. Rdd3 Kh7 26. Qh4 f6 27. exf6
Bxf6 28. Qxf6 Qxd6 29. Qf7+ Kh8 30. Rg6 Rxg6 31. Qxg6 f4 32. Qxh6+ Kg8 33. Qg6+
Kf8 34. Rf3 Rc7 35. Qh6+ Ke8 36. Rxf4 Kd7 37. Rf7+ Kc6 38. Rxc7+ Kxc7 39. Qg7+
Kb6 40. Qd4+ Kb7 41. c4 Qb4 42. h4 bxc4 43. bxc4 dxc4 44. Kh2 Kc6 45. h5 Qd6+
46. Qxd6+ Kxd6 47. h6 c3 48. h7 c2 49. h8=Q c1=Q 50. Qd4+ Kc6 51. Qe4+ Kd6 52.
g4 Qb2 53. Qf4+ e5 54. Qf7 e4 55. Qf4+ Kd5 56. g5 Qh8+ 57. Kg2 Qe5 58. Qxe5+
Kxe5 1-0